Microsoft Excel 2013 : podrobná uživatelská příručka /

Salvato in:
Dettagli Bibliografici
Autori principali: Barilla, Jiří (Autore), Simr, Pavel (Autore), Sýkorová, Květuše (Autore)
Natura: Libro
Lingua:ceco
Pubblicazione: Brno : Computer Press, 2013
Edizione:1. vyd.
Soggetti:
Tags: Aggiungi Tag
Nessun Tag, puoi essere il primo ad aggiungerne!!

MARC

LEADER 00000nam a22000003a 4500
001 0005553
003 SK-STU
005 20150622091820.7
007 ta
008 150622s ----xo-----e------000-0-----d
020 |a 978-80-251-4114-4 
040 |a STU  |b slo 
041 0 |a cze 
044 |a xr 
080 |a 004.42 
100 1 |a Barilla, Jiří  |4 aut 
245 1 0 |a Microsoft Excel 2013 :  |b podrobná uživatelská příručka /  |c aut. Jiří Barilla, Pavel Simr, Květuše Sýkorová 
250 |a 1. vyd. 
260 |a Brno :  |b Computer Press,  |c 2013 
300 |a 496 s. 
650 0 7 |a Excel 
700 1 |a Simr, Pavel  |4 aut 
700 1 |a Sýkorová, Květuše  |4 aut 
996 |c V* 52115/O-23332  |l VV16  |s P  |a 0  |w 0005553_0001